000 00518nam a22001817a 4500
005 20260501105415.0
008 260501b |||||||| |||| 00| 0 eng d
020 _a9780327102168
_qhbk
041 _aeng
082 _a348.7346 UNI.162
245 _aUnited States Supreme Court Reports October Term, 2004
_bCases Contained In U.S Reports
_nvol. 162
250 _a2nd ed.
260 _bLexisNexis
_c2004
300 _a1047p. :
_c25cm
504 _aindex
650 _aLaws, regulations & cases
942 _cENGLISH
999 _c621699
_d621699